Bundesregierung (18.WP,2013-2017) - Statistiken

Allgemein
  • Dieses Quiz wurde 34 mal gespielt
  • Das Durchschnittsergebnis liegt bei 7 aus 16
Antwortstatistiken
Hint Antwort % Korrekt
Bundeskanzlerin Angela Merkel
100%
Vizekanzler, Außenminister (ab Januar 2017) Sigmar Gabriel
71%
Verteidigungsministerin Ursula von der Leyen
71%
Minister für Justiz und Verbraucherschutz Heiko Maas
61%
Finanzminister Wolfgang Schäuble
61%
Minister für Verkehr und digitale Infrastruktur Alexander Dobrindt
50%
Ministerin für Arbeit und Soziales (bis September 2017) Andrea Nahles
50%
Minister für Wirtschaftliche Zusammenarbeit und Entwicklung Gerd Müller
39%
Minister für besondere Aufgaben und Chef des Bundeskanzleramtes Peter Altmaier
39%
Innenminister Thomas de Maizière
36%
Gesundheitsminister Hermann Gröhe
18%
Ministerin für Familie, Senioren, Frauen und Jugend (ab Juni 2017) Katarina Barley
18%
Wirtschaftsministerin (ab Januar 2017) Brigitte Zypries
14%
Minister für Ernährung und Landwirtschaft (ab Februar 2014) Christian Schmidt
11%
Ministerin für Bildung und Forschung Johanna Wanka
11%
Ministerin für Umwelt, Naturschutz, Bau und Reaktorsicherheit Barbara Hendricks
7%
Keine übereinstimmenden Quizze gefunden
Verteilung der Resultate
Anzahl Personen mit jedem Resultat
Perzentil nach korrekt beantworteten Fragen
Ihre Resultats-Entwicklung
Sie haben dieses Quiz noch nicht gespielt